Modelo del nivel de integración del sistema de dirección de la empresa (NISDE) basado en lógica difusa compensatoria
Muestra un modelo del nivel de integración del sistema de dirección de la empresa (NISDE) basado en lógica difusa compensatoria.
Gorde:
| Egile nagusia: | |
|---|---|
| Erakunde egilea: | |
| Beste egile batzuk: | , |
| Formatua: | eBook |
| Hizkuntza: | gaztelania |
| Argitaratua: |
La Habana :
Instituto Superior Politécnico José Antonio Echeverría. CUJAE,
2011.
|
| Gaiak: | |
| Sarrera elektronikoa: | https://elibro.unach.elogim.com/es/lc/unach/titulos/85941 |
| Etiketak: |
Etiketa erantsi
Etiketarik gabe, Izan zaitez lehena erregistro honi etiketa jartzen!
|
MARC
| LEADER | 00000nam a2200000 a 4500 | ||
|---|---|---|---|
| 001 | ELB85941 | ||
| 003 | FlNmELB | ||
| 006 | m o d | | ||
| 007 | cr cn||||||||| | ||
| 008 | 201201r2011 cu |||||s|||||||||||spa d | ||
| 024 | 8 | |z 71208061810 | |
| 035 | |a (MiAaPQ)EBC3202670 | ||
| 035 | |a (Au-PeEL)EBL3202670 | ||
| 035 | |a (CaPaEBR)ebr10609647 | ||
| 035 | |a (OCoLC)929379132 | ||
| 040 | |a FlNmELB |b spa |c FlNmELB | ||
| 050 | 4 | |a HB71 |b E777 2011 | |
| 080 | |a 330 | ||
| 082 | 0 | 4 | |a 330 |2 22 |
| 100 | 1 | |a Espin Alonso, Rafael. | |
| 245 | 1 | 0 | |a Modelo del nivel de integración del sistema de dirección de la empresa (NISDE) basado en lógica difusa compensatoria |h [recurso electronico] |c Rafael Espín Alonso. |
| 260 | |a La Habana : |b Instituto Superior Politécnico José Antonio Echeverría. CUJAE, |c 2011. | ||
| 300 | |a 133 p. | ||
| 500 | |a Tesis (maestría) - Instituto Superior Politécnico José Antonio Echeverría CUJAE. | ||
| 520 | |a Muestra un modelo del nivel de integración del sistema de dirección de la empresa (NISDE) basado en lógica difusa compensatoria. | ||
| 533 | |a Recurso electrónico. Santa Fe, Arg.: e-libro, 2015. Disponible vía World Wide Web. El acceso puede estar limitado para las bibliotecas afiliadas a e-libro. | ||
| 650 | 4 | |a Business and Economics. |x General. | |
| 650 | 4 | |a Negocios y economía. |x General. | |
| 655 | 4 | |a Libros electrónicos. | |
| 700 | 1 | |a Alfonso Robaina, Daniel. |4 drt | |
| 700 | 1 | |a Espín Andrade, Rafael Alejandro. |4 drt | |
| 710 | 2 | |a e-libro, Corp. | |
| 856 | 4 | 0 | |u https://elibro.unach.elogim.com/es/lc/unach/titulos/85941 |